| 000 | 00527nam a2200205 a 4500 | ||
|---|---|---|---|
| 001 | BRL_748 | ||
| 005 | 20190320210858.0 | ||
| 008 | 011013s19uu----gw-#######---#000-p#ger-# | ||
| 041 | _ager | ||
| 044 | _agw | ||
| 050 | 4 |
_aPT553 _b.W55 1900 |
|
| 100 | 1 |
_aWildgans, Anton _d1881-1932 _924824 |
|
| 245 | 1 | 0 |
_aHerbstfruhling _cverse von Anton Wildgans |
| 260 |
_aLeipzig _bL. Staackmann _c[19--] |
||
| 300 |
_a93 p. _c18 cm. |
||
| 500 | _aAu821 | ||
| 650 | 1 | 4 |
_aLiteratura Alemana _xPoesÃa _924707 |
| 902 | _aGRL | ||
| 942 |
_2lcc _cB |
||
| 999 |
_c9560 _d9560 |
||